Doing business 2013: smarter regulations for small and medium -size enterprises. 10th ed. (Record no. 75624)

MARC details
000 -LEADER
fixed length control field 01045nam a2200205 a 4500
008 - FIXED-LENGTH DATA ELEMENTS--GENERAL INFORMATION
fixed length control field 160421s2013 ||||||||||||||||| || u
020 ## - INTERNATIONAL STANDARD BOOK NUMBER
International Standard Book Number 9780821396155
050 ## - LIBRARY OF CONGRESS CALL NUMBER
Classification number HD 3616 Doi
110 ## - MAIN ENTRY--CORPORATE NAME
Corporate name or jurisdiction name as entry element World Bank
245 10 - TITLE STATEMENT
Title Doing business 2013: smarter regulations for small and medium -size enterprises. 10th ed.
Statement of responsibility, etc. By The World Bank
250 ## - EDITION STATEMENT
Edition statement 10th ed.
260 ## - PUBLICATION, DISTRIBUTION, ETC.
Place of publication, distribution, etc. Washington D.C
Name of publisher, distributor, etc. The International Bank for Reconstruction
Date of publication, distribution, etc. 2013
300 ## - PHYSICAL DESCRIPTION
Extent vi, 270p.: ill.
350 ## -
-- 35.00
650 ## - SUBJECT ADDED ENTRY--TOPICAL TERM
Topical term or geographic name entry element COMMERCIAL LAW
650 ## - SUBJECT ADDED ENTRY--TOPICAL TERM
Topical term or geographic name entry element TRADE REGULATION
995 ## -
-- MAIN LIBRARY OPEN ACCESS
-- 746394
-- CBU-MAIN LIBRARY (Kitwe)
-- 35.00
-- HD 3616 Doi
-- 1
-- AVAILABLE
-- Apr 25, 2016
-- 746394
-- Main Library Open Access Collection
995 ## -
-- ANNEX COLLECTION (Main Library)
-- 746395
-- CBU-MAIN LIBRARY (Kitwe)
-- 35.00
-- HD 3616 Doi
-- 2
-- AVAILABLE
-- Apr 25, 2016
-- 746395
-- Annex Low-Usage Collection
995 ## -
-- MAIN LIBRARY OPEN ACCESS
-- 746396
-- CBU-MAIN LIBRARY (Kitwe)
-- 35.00
-- HD 3616 Doi
-- 3
-- AVAILABLE
-- Apr 25, 2016
-- 746396
-- Main Library Open Access Collection
999 ## -
-- 75624
-- 75624
Holdings
Withdrawn status Lost status Source of classification or shelving scheme Damaged status Not for loan Permanent Location Current Location Shelving location Date acquired Total Checkouts Full call number Barcode Date last seen Copy number Price effective from Koha item type
          CBU-MAIN LIBRARY, KITWE. CBU-MAIN LIBRARY, KITWE.   04/24/2023   HD 3616 Doi 746394 04/24/2023 1 04/24/2023 MONOGRAPH
          CBU-MAIN LIBRARY, KITWE. CBU-MAIN LIBRARY, KITWE.   04/24/2023   HD 3616 Doi 746395 04/24/2023 2 04/24/2023 MONOGRAPH
          CBU-MAIN LIBRARY, KITWE. CBU-MAIN LIBRARY, KITWE.   04/24/2023   HD 3616 Doi 746396 04/24/2023 3 04/24/2023 MONOGRAPH